<?xml version="1.0" encoding="UTF-8"?><?xml-stylesheet type="text/xsl" href="static/style.xsl"?><OAI-PMH xmlns="http://www.openarchives.org/OAI/2.0/" xmlns:xsi="http://www.w3.org/2001/XMLSchema-instance" xsi:schemaLocation="http://www.openarchives.org/OAI/2.0/ http://www.openarchives.org/OAI/2.0/OAI-PMH.xsd"><responseDate>2026-06-01T07:52:25Z</responseDate><request verb="GetRecord" identifier="oai:riuma.uma.es:10630/34872" metadataPrefix="marc">https://riuma.uma.es/rest/oai/request</request><GetRecord><record><header><identifier>oai:riuma.uma.es:10630/34872</identifier><datestamp>2026-02-03T11:12:36Z</datestamp><setSpec>com_10630_2254</setSpec><setSpec>col_10630_37953</setSpec></header><metadata><record xmlns="http://www.loc.gov/MARC21/slim" xmlns:dcterms="http://purl.org/dc/terms/" xmlns:doc="http://www.lyncode.com/xoai" xmlns:xsi="http://www.w3.org/2001/XMLSchema-instance" xsi:schemaLocation="http://www.loc.gov/MARC21/slim http://www.loc.gov/standards/marcxml/schema/MARC21slim.xsd">
   <leader>00925njm 22002777a 4500</leader>
   <datafield ind2=" " ind1=" " tag="042">
      <subfield code="a">dc</subfield>
   </datafield>
   <datafield ind2=" " ind1=" " tag="720">
      <subfield code="a">Zurita-Díaz, Antonio Javier</subfield>
      <subfield code="e">author</subfield>
   </datafield>
   <datafield ind2=" " ind1=" " tag="720">
      <subfield code="a">Calleja-Reina, Marina</subfield>
      <subfield code="e">author</subfield>
   </datafield>
   <datafield ind2=" " ind1=" " tag="260">
      <subfield code="c">2024-10</subfield>
   </datafield>
   <datafield ind2=" " ind1=" " tag="520">
      <subfield code="a">El trastorno del espectro autista (TEA) afecta significativamente las habilidades comunicativas, sociales y conductuales, especialmente en niños con TEA de Grado 3. Los sistemas de comunicación aumentativa y alternativa (CAA) pueden ayudar a enfrentar estos desafíos. La estimulación asistida del lenguaje surge como una estrategia de CAA que mejora la expresión y la comprensión a través de inputs visuales y orales del interlocutor. Por otra parte, el desarrollo de las tecnologías de la información y la comunicación (TIC) ha permitido su uso educativo y terapéutico para apoyar a personas con TEA, ya que proporciona herramientas versátiles y accesibles que facilitan el aprendizaje, la interacción y el desarrollo de sus habilidades. El objetivo del estudio es analizar los efectos de combinar la estimulación asistida del lenguaje con un soporte TIC multimodal llamado EC+, en comparación con recursos en papel de ARASAAC, sobre las habilidades comunicativas, sociales y conductuales. Se empleó un diseño cuasiexperimental para comparar los efectos de ambos recursos, incluyendo dos grupos de 6 niños cada uno, todos con TEA de Grado 3. Los resultados mostraron mejoras significativas con ambos recursos, pero el soporte TIC resultó más efectivo en el área de la comunicación y del comportamiento. Se concluye que EC+ ofrece un enfoque más interactivo y eficaz para mejorar el desarrollo global de los niños con TEA, y complementa los recursos en papel de manera valiosa e innovadora.</subfield>
   </datafield>
   <datafield ind1="8" ind2=" " tag="024">
      <subfield code="a">Zurita-Díaz, A., &amp; Calleja-Reina, M. (2024). Aided Augmented Input and the EC+ App in Autism Spectrum Disorder. [Estimulación asistida del lenguaje y la app EC+ en el trastorno del espectro autista]. Comunicar, 79, 95-106. https://doi.org/10.58262/V33279.9</subfield>
   </datafield>
   <datafield ind1="8" ind2=" " tag="024">
      <subfield code="a">https://hdl.handle.net/10630/34872</subfield>
   </datafield>
   <datafield ind1="8" ind2=" " tag="024">
      <subfield code="a">10.58262/V33279.9</subfield>
   </datafield>
   <datafield tag="653" ind2=" " ind1=" ">
      <subfield code="a">Autismo</subfield>
   </datafield>
   <datafield tag="653" ind2=" " ind1=" ">
      <subfield code="a">Lenguaje - Adquisición</subfield>
   </datafield>
   <datafield tag="653" ind2=" " ind1=" ">
      <subfield code="a">Tecnología educativa</subfield>
   </datafield>
   <datafield ind2="0" ind1="0" tag="245">
      <subfield code="a">Estimulación asistida del lenguaje y la app EC+ en el trastorno del espectro autista.</subfield>
   </datafield>
</record>
</metadata></record></GetRecord></OAI-PMH>